Методика преподавания минералогии и геологии в средней школе: [учебное пособие]

Dettagli Bibliografici
Autore principale: Астрова Г. Г.
Altri autori: Малинко В. В.
Lingua:russo
Pubblicazione: Москва, Учпедгиз, 1939
Soggetti:
Natura: MixedMaterials Libro
KOHA link:https://koha.lib.tpu.ru/cgi-bin/koha/opac-detail.pl?biblionumber=324791

MARC

LEADER 00000nam0a2200000 4500
001 324791
005 20231102003712.0
035 |a (RuTPU)RU\TPU\book\350402 
090 |a 324791 
100 |a 20161122d1939 m y0rusy50 ca 
101 0 |a rus 
102 |a RU 
105 |a a j 001zy 
200 1 |a Методика преподавания минералогии и геологии в средней школе  |e [учебное пособие]  |f Г. Г. Астрова, В. В. Малинко 
210 |a Москва  |c Учпедгиз  |d 1939 
215 |a 224 с.  |c ил. 
320 |a Библиогр.: с. 222-223 
606 1 |a Минералогия  |2 stltpush  |3 (RuTPU)RU\TPU\subj\43907  |9 63333 
606 1 |a Геология  |2 stltpush  |3 (RuTPU)RU\TPU\subj\6095  |9 34054 
610 1 |a методика 
610 1 |a обучение 
610 1 |a преподавание 
610 1 |a средняя школа 
610 1 |a история 
610 1 |a методические указания 
610 1 |a геологические процессы 
610 1 |a земная кора 
610 1 |a кружки 
675 |a 549(07)  |v 4 
675 |a 55(07)  |v 4 
700 1 |a Астрова  |b Г. Г. 
701 1 |a Малинко  |b В. В. 
801 1 |a RU  |b 63413507  |c 20161122 
801 2 |a RU  |b 63413507  |c 20200123  |g RCR 
942 |c BK